LEADER 01155nam a2200265 i 4500 001 000000038928 003 CaOOAMICUS 005 20230213154553.0 008 130102n it u000 u ita u 040 $aSeMil$bita 100 1 $aFassi, Luciano.$0(OLS)http://semarc/name/18774 245 10$aArcisate :$bla Via Crucis al Lazzaretto /$cdi Giuseppe Ceriana di Wolfango Pinardi di Luciano Fassi. 264 1$aArcisate :$bEdizione «Casa Nostra»,$c1987. 300 $a115 p., [6] p. di tav., [1] c. di tav. :$bill. ;$c24 cm. 541 0 $aFondo card. Giovanni Colombo (3P V 114) 650 4$aArcisate.$0(OLS)http://semarc/subject/7977 700 1 $aCeriana, Giuseppe.$0(OLS)http://semarc/name/18775 700 1 $aPinardi, Wolfango.$0(OLS)http://semarc/name/18588 850 $aSeMil 852 $aSeMil$W1$xVenegono$y1$m3P V 114$j5083$B5083$CSeMilBibl$Z2$F5083 $81 941 1 $a3 961 $aOmaggio: Colombo Card. Giovanni 996 $6245$aArcisate :$bla Via Crucis al Lazzaretto$9(OLS)http://semarc/title/55175 996 $6264$aArcisate :$bEdizione «Casa Nostra»$9(OLS)http://semarc/publisher/50543 LEADER 00800nam a2200217 i 4500 001 000000057202 003 CaOOAMICUS 005 20260312121825.0 008 981124s1980 it u000 u ita u 013 $a28374 040 $aSeMil$bita 245 10$a2 /$cWolfgang Trilling. 260 $aRoma :$bCittà Nuova,$c1980. 300 $a333 p. 773 0 $aTrilling, Wolfgang <1925- >$tVangelo secondo Matteo.$dRoma : Città Nuova, 1964.$kCommenti spirituali del Nuovo Testamento$g2$w()17703 850 $aSeMil 852 $aSeMil$W1$xVenegono$y1$m2Z II 196$j23356$B23356$CSeMilBibl$Z2$F23358 $81 961 $aOmaggio: Mezzanotti mons. Alessandro 996 $6245$a2$9(OLS)http://semarc/title/46890 996 $6260$aRoma :$bCittà Nuova$9(OLS)http://semarc/publisher/29609